[Event "4NCL Division 1 & 2"]
[Site "Daventry, ENG"]
[Date "2022.04.30"]
[Round "7.140"]
[White "Wilson, Edgar"]
[Black "Birtwistle, Nigel"]
[Result "0-1"]
[WhiteElo "1998"]
[BlackElo "2194"]
[PlyCount "58"]
[EventDate "2022.04.30"]
[WhiteTeam "Oxford 1"]
[BlackTeam "The Sharks 2"]

1. e4 c5 2. Nf3 g6 3. d4 cxd4 4. Nxd4 Bg7 5. Be3 Nc6 6. c4 Qb6 7. Nb3 Qd8 8.
Qd2 Nf6 9. f3 O-O 10. Nc3 d6 11. Be2 Be6 12. O-O a5 13. Rac1 a4 14. Nd4 Nxd4
15. Bxd4 Qa5 16. Qe3 Nd7 17. Bxg7 Kxg7 18. Nd5 Bxd5 19. cxd5 Rfc8 20. Qd4+ Kg8
21. Rc4 Rxc4 22. Bxc4 Rc8 23. Be2 Rc2 24. Rf2 Rd2 25. Qc4 Rxb2 26. Rf1 Qd2 27.
Kf2 Ne5 28. Qc8+ Kg7 29. Kg3 Qxe2 0-1

[Event "4NCL Division 1 & 2"]
[Site "Daventry, ENG"]
[Date "2022.04.30"]
[Round "7.141"]
[White "Lyth, John D"]
[Black "Zakarian, Dimitrios Levon"]
[Result "1/2-1/2"]
[WhiteElo "1924"]
[BlackElo "1946"]
[PlyCount "66"]
[EventDate "2022.04.30"]
[WhiteTeam "Manchester Manticores 1"]
[BlackTeam "Oxford 1"]

{[%evp 0,66,31,38,34,36,36,9,34,31,16,3,11,4,11,-4,9,3,16,-10,-6,-26,-24,-26,
-12,-11,-9,-12,-9,-9,17,-18,2,-5,2,-3,-10,-41,38,27,-39,-29,-28,-28,-21,-25,
-41,-51,-2,-5,-8,-8,-5,-5,-9,-51,-59,-78,-69,-43,-31,-7,6,0,0,-3,-6,-15,-6]} 1.
d4 Nf6 2. Nf3 e6 3. e3 b6 4. Bd3 Bb7 5. Nbd2 d5 6. O-O Bd6 7. b3 Nbd7 8. Bb2 c5
9. Ne5 O-O 10. Nxd7 Nxd7 11. f4 f5 12. Nf3 Nf6 13. Qe2 Ne4 14. Ne5 Rf6 15. Rf3
cxd4 16. exd4 Bxe5 17. dxe5 Rh6 18. Raf1 Qh4 19. Rh3 Qxh3 20. gxh3 Rg6+ 21. Qg2
Rxg2+ 22. Kxg2 Rc8 23. Rc1 g5 24. fxg5 Nxg5 25. h4 Ne4 26. Kf3 Kf7 27. Rg1 Nc5
28. Ke3 Nxd3 29. Kxd3 Ba6+ 30. Kd2 Rg8 31. Rxg8 Kxg8 32. Ke3 Kf7 33. Bd4 Kg6
1/2-1/2

[Event "4NCL Division 1 & 2"]
[Site "Daventry, ENG"]
[Date "2022.04.30"]
[Round "7.142"]
[White "Kafka, Graeme"]
[Black "Whitehead, Mark A"]
[Result "1-0"]
[WhiteElo "2016"]
[BlackElo "1926"]
[PlyCount "79"]
[EventDate "2022.04.30"]
[WhiteTeam "The Sharks 2"]
[BlackTeam "Manchester Manticores 1"]

1. e4 c5 2. Nf3 e6 3. d4 cxd4 4. Nxd4 a6 5. Bd3 Bc5 6. Nb3 Ba7 7. Qe2 Ne7 8.
Be3 Nbc6 9. Bxa7 Rxa7 10. Nc3 d6 11. O-O b5 12. Qe3 O-O 13. Rad1 e5 14. f4 exf4
15. Rxf4 Ng6 16. Rff1 Bg4 17. Be2 Be6 18. Nd4 Qb6 19. Nf5 Qxe3+ 20. Nxe3 Rd8
21. Rd2 Nge5 22. Rfd1 Rad7 23. Nf5 Bxf5 24. exf5 Ne7 25. f6 Nf5 26. Nd5 Kf8 27.
Rf1 g6 28. g4 Nh6 29. h3 Ng8 30. g5 Rb7 31. Ne3 Ke8 32. Rfd1 Rb6 33. c4 bxc4
34. Nxc4 Nxc4 35. Bxc4 Rc6 36. Bb3 Rc5 37. h4 Ra5 38. Rxd6 Rxd6 39. Rxd6 h6 40.
Bd5 1-0